Areál bývalého Finišu zmenil majiteľa a očakáva príchod zahraničných firiem

Bibliographic Details
Main Author: (top) (Author)
Corporate Author: Finiš, Spišská Nová Ves (Author)
Format: Article
Language:Slovak
ISSN:1335-759X
Subjects:

MARC

LEADER 00000nab a2200000 a 4500
001 vtls001020768
003 SK-MaSNL
005 20260303035256.0
008 040720e20030909xo 0 slo
035 |a SN6669 
040 |a SNSK  |b slo  |c SNSK  |e AACR2 
041 0 |a slo 
044 |a xo  |c SK 
080 |a 687.1  |2 1981 
080 |a 338.45  |2 1981 
100 0 |a (top)  |4 aut  |9 887920 
245 1 0 |a Areál bývalého Finišu zmenil majiteľa a očakáva príchod zahraničných firiem 
610 2 7 |a Finiš (Spišská Nová Ves, Slovensko)  |2 SNSK  |9 1021329 
650 0 7 |a rušenie prevádzok  |2 SNSK  |9 1021824 
650 0 7 |a priemyselné parky   |2 SNSK  |9 29007 
650 0 7 |a plány  |2 SNSK  |9 939 
651 7 |a Spišská Nová Ves (Slovensko)  |2 SNSK  |9 28800 
651 7 |a SN,  |2 SNSK  |9 1021277 
655 7 |a periodikum  |2 snkbucl  |9 29553 
710 2 |a Finiš, Spišská Nová Ves  |4 aut  |9 1021330 
773 0 8 |t Spišský denník  |g Roč. 5, č.207, 9.9.2003, s. 1  |x 1335-759X 
852 |a ZVYKNI  |b KIS3GCP 
999 |c 1676813  |d 1678743